000 00662nam a2200205Ia 4500
003 LDD
008 190117s9999 xx 000 0 und d
020 _a8170556767
_c₹150
040 _cLDD
041 _ahi
082 _a8U1.09 फि6401रा
100 _aफिराक गोरखपुरी
245 0 _aराग-विराग
_cफिराक गोरखपुरी
246 _a Rag virag
260 _aनयी दिल्ली
_bवाणी प्रकाशन
_c1999
300 _a183पृ..
901 _aVANI
904 _aReqst by : J.m. parakh
942 _2ddc
_cH
999 _c164359
_d164359